Last of the big spenders (Record no. 81950)

MARC details
000 -LEADER
fixed length control field 00797cab a22002055a 4500
001 - CONTROL NUMBER
control field L148773
008 - FIXED-LENGTH DATA ELEMENTS--GENERAL INFORMATION
fixed length control field 091109e20091016xxk0 f 000 0 eng d
035 ## - SYSTEM CONTROL NUMBER
System control number (Sirsi) u148773
041 0# - LANGUAGE CODE
Language code of text/sound track or separate title eng
100 1# - MAIN ENTRY--PERSONAL NAME
Personal name Chesters, Laura
245 00 - TITLE STATEMENT
Title Last of the big spenders
260 ## - PUBLICATION, DISTRIBUTION, ETC.
Date of publication, distribution, etc. 2009
490 #0 - SERIES STATEMENT
Series statement Property Week
Volume/sequential designation 75(42) 16 October 2009, 31-33(4)
520 ## - SUMMARY, ETC.
Summary, etc. Four UK shopping centre developments begun during the boom are set to open in the worst retail slump of recent years. How will Hammerson's Aberdeen Union Square, Cardiff's St David?s 2, Bath?s Southgate and Glasgow?s St Enoch schemes fare?
590 ## - LOCAL NOTE (RLIN)
Local note KA
651 #4 - SUBJECT ADDED ENTRY--GEOGRAPHIC NAME
Geographic name United Kingdom
Chronological subdivision
690 ## - LOCAL SUBJECT ADDED ENTRY--TOPICAL TERM (OCLC, RLIN)
Topical term or geographic name as entry element PROPERTY-COMMERCIAL PROPERTY-COMMERCIAL PROPERTY MARKET
690 ## - LOCAL SUBJECT ADDED ENTRY--TOPICAL TERM (OCLC, RLIN)
Topical term or geographic name as entry element PROPERTY-COMMERCIAL PROPERTY-RETAIL PROPERTY
942 ## - ADDED ENTRY ELEMENTS (KOHA)
Suppress in OPAC 0
Holdings
Withdrawn status Lost status Source of classification or shelving scheme Damaged status Not for loan Home library Current library Shelving location Date acquired Total Checkouts Full call number Barcode Date last seen Copy number Price effective from Koha item type
    Dewey Decimal Classification     London London Journal article 09/11/2009   L148773 148773-1001 06/08/2019 1 06/08/2019 Journal article